Представление документа в формате RUSMARC

Поле Инд. ПП Название Значение
Тип записи a
Библиографический уровень a
001 Контрольный номер 95114e2bee174eb7964f1b77dd071d75
005 Дата корректировки 20190404132650.4
100 a Данные общей обработки 20190404 ||| 0rusy0189 ca
101 0_ a Язык текста rus
102 a Страна публикации RU
200 1_ f Первые сведения об ответственности С.М. Амосов, Е.А. Гнатко
a Заглавие Возбуждение и подготовка дела к судебному разбирательству как стадии гражданского процесса
b Общее обозначение материала Текст
210 1_ d Дата издания 2019
461 _0 1 2000
a Арбитражный и гражданский процесс
463 _0 1 2000
a № 3
v С. 11-15
1 2101
d 2019
1 0011daabc64a5b44d6092378da43232566e
606 a Основная рубрика Гражданское процессуальное право
610 0_ a Ключевые слова СУДЕБНОЕ РАЗБИРАТЕЛЬСТВО
a Ключевые слова ГРАЖДАНСКИЙ ПРОЦЕСС
a Ключевые слова ИСКОВОЕ ПРОИЗВОДСТВО
a Ключевые слова ПРЕДВАРИТЕЛЬНОЕ СЛУШАНИЕ
700 _1 a Фамилия Амосов
b Имя С.М.
701 _1 a Фамилия Гнатко
b Имя Е.А.
801 _0 a Страна RU
b Организация РГУП
c Дата составления 20190404
g Правила каталогизации PSBO
801 _1 a Страна RU
b Организация РГУП
c Дата составления 20190404
g Правила каталогизации PSBO
901 t Тип документа b
w Контрольный № источника 1daabc64a5b44d6092378da43232566e
905 a Дата ввода 20190404